00838nam a22001697a 4500003000400000005001700004008004100021020001500062040000700077100003900084245012500123260007200248300001900320505028000339650002200619650002700641OSt20180528053725.0180309b xxu||||| |||| 00| 0 spa d a8470883178 cPJ aDomínguez Compañy, Francisco 10aOrdenanzas municipales hispanoamericanas :crecopilación, estudio preliminar y notas de Francisco Dominguez Compañy. aMadrid :bInstituto de Estudios de Administración Local, c1982. a397 p.c25 cm. aContenido: Guía de Derecho Público Provincial y Municipal. Leyes, decretos, resoluciones, disposiciones. De acuerdo a la Constitución Nacional, la Constitución de la Provincia de Buenos Aires y la Ley Orgánica de las Municipalidades de la Provincia de Buenos Aires. 0aDERECHO MUNICIPAL 0aORDENANZAS MUNICIPALES